LEADER 00971nam0 22002651i 450 001 UON00224982 005 20231205103432.643 100 $a20030730d1974 |0itac50 ba 101 $aita 102 $aIT 105 $a|||| ||||| 200 1 $aEpitaffio$fGiorgio Bassani 210 $aMilano$cMondadori$d1974 215 $a117 p.$d22 cm. 410 1$1001UON00029575$12001 $aˆLo ‰Specchio$ei poeti del nostro tempo$1210 $aMilano$cA. Mondadori. 620 $aIT$dMilano$3UONL000005 676 $a851.9$cPoesia italiana. 1900-$v21 700 1$aBASSANI$bGiorgio$3UONV136501$0164117 712 $aMondadori$3UONV245964$4650 801 $aIT$bSOL$c20240220$gRICA 899 $aSIBA - SISTEMA BIBLIOTECARIO DI ATENEO$2UONSI 912 $aUON00224982 950 $aSIBA - SISTEMA BIBLIOTECARIO DI ATENEO$dSI ITA VI 0559 $eSI IT 1096 5 0559 996 $aEpitaffio$9157908 997 $aUNIOR